书目信息 |
| 题名: |
进出口贸易实务教程= Import & export practice
|
|
| 作者: | 吴百福 , 徐小薇 主编 | |
| 分册: | ||
| 出版信息: | 上海 上海人民出版社 2007 |
|
| 页数: | 480页 | |
| 开本: | 20cm | |
| 丛书名: | ||
| 单 册: | ||
| 中图分类: | F740.4 | |
| 科图分类: | ||
| 主题词: | 商业经济 | |
| 电子资源: | ||
| ISBN: | 7-208-07198-5 | |
| 000 | 00667nam0 2200205 450 | |
| 001 | 1831360304 | |
| 005 | 20181219084417.72 | |
| 010 | @a7-208-07198-5@dCNY38.00 | |
| 100 | @a20181219d2007 km y0chiy0120 ea | |
| 101 | 0 | @achi |
| 102 | @aCN@b310000 | |
| 200 | 1 | @a进出口贸易实务教程= Import & export practice@Ajin chu kou mao yi shi wu jiao cheng=Import&export practice@f主编吴百福, 徐小薇@Fzhu bian wu bai fu,xu xiao wei |
| 210 | @a上海@c上海人民出版社@d2007 | |
| 215 | @a480页@d20cm | |
| 606 | 0 | @a商业经济 |
| 690 | @aF740.4@v4 | |
| 701 | 0 | @a吴百福@Awu bai fu@4主编 |
| 701 | 0 | @a徐小薇@Axu xiao wei@4主编 |
| 801 | 0 | @aCN@bMUSE@c20181219 |
| 905 | @aMUSE@dF740.4@eW741 | |
| 进出口贸易实务教程= Import & export practice/主编吴百福, 徐小薇.-上海:上海人民出版社,2007 |
| 480页;20cm |
| ISBN 7-208-07198-5:CNY38.00 |
| ● |
| 相关链接 |
|
|
|
正题名:进出口贸易实务教程= Import & export prac
索取号:F740.4/W741
 
预约/预借
| 序号 | 登录号 | 条形码 | 馆藏地/架位号 | 状态 | 备注 |
| 1 | 1301223 | 213012238 | 社科库409/409社科库 48排3列1层/ [索取号:F740.4/W741] | 在馆 |